000 00509nam a2200181 a 4500
020 _a0875813410
040 _cDLC
082 _a301 EFP 1989 A011 Or.
100 1 _aLittle, Craig B.
245 1 0 _aDeviance & control :
_btheory, research, and social policy /
260 _aItasca, Ill. :
_bF.E. Peacock Publishers,
_cc1989.
300 _axiv, 419 p. :
_bill. ;
_c24 cm.
650 0 _aDeviant behavior.
650 0 _aDeviant behavior
650 0 _aSocial control.
650 0 _aSocial policy.
942 _cEK
999 _c13344
_d13344